Statistics for All of the Cities in New York

Click here to take the quiz!

General Stats

  • This quiz has been taken 146 times
  • The average score is 19 of 62

Answer Stats

🔤 City % Correct
AAlbany
95%
NNew York City
93%
Buffalo
91%
Syracuse
84%
RRochester
83%
YYonkers
81%
UUtica
71%
Binghamton
58%
White Plains
55%
Niagara Falls
55%
IIthaca
54%
Schenectady
52%
Poughkeepsie
48%
Troy
46%
NNew Rochelle
41%
KKingston
38%
JJamestown
38%
WWatertown
37%
Oswego
37%
Oneida
37%
Rome
35%
Saratoga Springs
34%
EElmira
34%
Plattsburgh
33%
Newburgh
31%
Mount Vernon
28%
Oneonta
27%
Cortland
27%
Hudson
27%
Corning
25%
Rye
21%
Auburn
20%
Amsterdam
18%
GGeneva
17%
Beacon
17%
GGlens Falls
17%
PPeekskill
16%
BBatavia
15%
TTonawanda
15%
Lockport
15%
Middletown
14%
RRensselaer
14%
DDunkirk
13%
Olean
13%
CCanandaigua
13%
North Tonawanda
12%
OOgdensburg
12%
FFulton
11%
Cohoes
11%
Port Jervis
11%
Johnstown
11%
SSalamanca
10%
Gloversville
9%
LLackawanna
9%
Long Beach
9%
Norwich
8%
HHornell
8%
Sherrill
7%
Glen Cove
7%
Watervliet
7%
Little Falls
7%
MMechanicville
6%

Score Distribution

Percentile by Number Answered

Percent of People with Each Score

Your Score History

You have not taken this quiz